Normal view
MARC view
- الحاسبات الالكترونية-الذكاء الصناعي
Entry Topical Term
001 - CONTROL NUMBER
- control field: 62364
003 - CONTROL NUMBER IDENTIFIER
- control field: JO-AjAnu
005 - DATE AND TIME OF LATEST TRANSACTION
- control field: 20230606084203.0
008 - FIXED-LENGTH DATA ELEMENTS
- fixed length control field: 230606|| aca||aabn | a|a d
040 ## - CATALOGING SOURCE
- Original cataloging agency: JO-AjAnu
- Transcribing agency: JO-AjAnu
150 ## - HEADING--TOPICAL TERM
- Topical term or geographic name entry element: الحاسبات الالكترونية-الذكاء الصناعي
670 ## - SOURCE DATA FOUND
- Source citation: Work cat.: (JO-AjAnu)31804: بسيوني، عبدالحميد, author 62363, الحاسب واستخلاص المعرفة: استكشاف او تنقيب الآراء=Opinion Mining كيف يقوم الحاسب باستكشاف وتحليل الآراء؟